| 000 | 00709nam a22002177a 4500 | ||
|---|---|---|---|
| 005 | 20170124110043.0 | ||
| 010 | _aB-026686 | ||
| 020 | _c140.00 | ||
| 035 | _aB-026686 | ||
| 037 | _bCen Lib/Ret | ||
| 040 |
_aDPL _bEN |
||
| 082 |
_a808.4 _bUNI |
||
| 245 |
_aUnique quintessence of a compendium of essays : _cedited by S. Sen...[et al.]. _bstrictly according to the latest syllabus / |
||
| 260 |
_aNew Delhi _bUnique publishers _c2001 |
||
| 270 |
_bNew Delhi _aII-M/15, Lajpat Nagar _e110002 |
||
| 300 |
_aviii,571p. _c21cm(Hb) |
||
| 650 |
_aEssays--National issues _924046 |
||
| 650 |
_aEssays--International issues _924047 |
||
| 700 |
_aSen, S. _924048 |
||
| 942 |
_2ddc _cEN _h808.4 _mUNI |
||
| 999 |
_c128656 _d128656 |
||